MARC details
| 000 -CABECERA |
| campo de control de longitud fija |
01001nam a2200241 a 4500 |
| 001 - NÚMERO DE CONTROL |
| campo de control |
000043577 |
| 003 - IDENTIFICADOR DEL NÚMERO DE CONTROL |
| campo de control |
DO-SdBNP |
| 005 - FECHA Y HORA DE LA ÚLTIMA TRANSACCIÓN |
| campo de control |
20211115081813.0 |
| 008 - DATOS DE LONGITUD FIJA--INFORMACIÓN GENERAL |
| campo de control de longitud fija |
110126s2014 dr a r 000 0 spa d |
| 040 ## - FUENTE DE LA CATALOGACIÓN |
| Centro catalogador/agencia de origen |
DO-SdBNP |
| Lengua de catalogación |
spa |
| Centro/agencia transcriptor |
BNPHU |
| 082 ## - NÚMERO DE LA CLASIFICACIÓN DECIMAL DEWEY |
| Número de clasificación |
364.4097293 |
| Número de documento/Ítem |
E56 |
| 245 00 - MENCIÓN DE TÍTULO |
| Título |
Encuesta del gobierno de la seguridad en el Distrito Nacional / |
| Mención de responsabilidad, etc. |
introducción Roberto Salcedo. |
| 260 ## - PUBLICACIÓN, DISTRIBUCIÓN, ETC. |
| Lugar de publicación, distribución, etc. |
Santo Domingo : |
| Nombre del editor, distribuidor, etc. |
ADN, |
| Fecha de publicación, distribución, etc. |
2014. |
| 300 ## - DESCRIPCIÓN FÍSICA |
| Extensión |
94 p. : |
| Otras características físicas |
il., gráfcs. ; |
| Dimensiones |
22 cm. |
| 590 ## - NOTA LOCAL (RLIN) |
| Nota local |
Inventariado, 2018/BT |
| 650 #4 - PUNTO DE ACCESO ADICIONAL DE MATERIA--TÉRMINO DE MATERIA |
| Término de materia o nombre geográfico como elemento de entrada |
Inseguridad (problema social) |
| Subdivisión geográfica |
Santo Domingo (República Dominicana) |
| Subdivisión general |
Encuestas |
| 9 (RLIN) |
71394 |
| 650 #4 - PUNTO DE ACCESO ADICIONAL DE MATERIA--TÉRMINO DE MATERIA |
| Término de materia o nombre geográfico como elemento de entrada |
Crimen |
| Subdivisión general |
Prevención |
| Subdivisión geográfica |
Santo Domingo (República Dominicana) |
| Subdivisión general |
Encuestas |
| 9 (RLIN) |
71395 |
| 650 #4 - PUNTO DE ACCESO ADICIONAL DE MATERIA--TÉRMINO DE MATERIA |
| Término de materia o nombre geográfico como elemento de entrada |
Violencia |
| Subdivisión geográfica |
Santo Domingo (República Dominicana) |
| Subdivisión general |
Encuestas |
| 9 (RLIN) |
71396 |
| 700 12 - PUNTO DE ACCESO ADICIONAL--NOMBRE DE PERSONA |
| Nombre de persona |
Salcedo Gavilán, Roberto, |
| Término indicativo de función/relación |
pról. |
| 9 (RLIN) |
6509 |
| 710 22 - PUNTO DE ACCESO ADICIONAL--NOMBRE DE ENTIDAD CORPORATIVA |
| Nombre de entidad corporativa o nombre de jurisdicción como elemento de entrada |
SANTO DOMINGO (DISTRITO NACIONAL). |
| Unidad subordinada |
Ayuntamiento del Distrito Nacional. |
| 9 (RLIN) |
71397 |
| 910 ## - DATOS DE OPCIÓN DEL USUARIO (OCLC) |
| Datos de opción del usuario |
Validado. Control de calidad. MFF |
| 942 ## - ELEMENTOS DE PUNTO DE ACCESO ADICIONAL (KOHA) |
| Fuente del sistema de clasificación o colocación |
Dewey Decimal Classification |
| Tipo de ítem Koha |
Libro |